000 01024cab a2200301 4500
001 ABS50845
008 090401t1994 xxu||||| |||| 00| 0 eng d
035 _a(Sirsi) u71375
041 _aeng
100 _aKean, D.
245 4 _aThe heritage trail
260 _c1994
350 _a0
490 _aMunicipal Journal
_v(26) 1-7 July 1994, 28-30(2)
520 _aDescribes a new English Heritage conservation programme which funds partnerships with local authorities, in an attempt to solve a persistent problem with building conservation, by concentrating conservation activity within a given area. Quotes from Liverpool`s Canning Street scheme.
650 _aBUILDING CONSERVATION
650 _aCANNING STREET SCHEME
650 _aCONSERVATION AREA PARTNERSHIPS
650 _aENGLISH HERITAGE
650 _aFUNDING
650 _aHISTORIC TOWNS
650 _aLISTED BUILDINGS
650 _aLOCAL AUTHORITIES
650 _aPARTNERSHIPS
690 _aCONSERVATION
942 _n0
948 _c04/03/1997
999 _c44984
_d44984